00496nam a2200157Ia 4500008004100000020001500041082001700056100001800073245007800091250000700169260004000176300002600216500001900242600002700261650005000288240925s9999 xx 000 0 und d a8176560685 a005.7585 BAY aBayross, Ivan 0aCommercial Application Development using Oracle Developer 2000: forms 5.0 aNA aIndiana:bPearson Educationc,1999. ax,662p.bNAfOriginal aIncludes Index aEngineering Technology aComputer science, information & general works